000 01270naa a2200325 c 4500
001 49675
999 _c49675
_d49675
003 ES-MaCES
005 20170710121748.0
008 170710s2017 sp ||||| t||||||| ||spa d
040 _aES-MaCES
_bspa
_cES-MaCES
_dES-MaCES
100 1 _911375
_aEscribano Gutiérrez, Juan
245 1 0 _aProtección social complementaria y libertad económica en el ámbito comunitario
_b: las cláusulas de designación
_cJuan Escribano Gutiérrez
500 _aResumen
504 _aBibliografía: p. 342-344
650 4 _930466
_aprotección complementaria
650 4 _930256
_amutualidad
650 4 _928178
_aempresa
650 4 _928362
_anegociación colectiva
650 4 _928361
_aconvenio colectivo
650 4 _928327
_acondiciones de trabajo
650 4 _927165
_aderecho del trabajo
650 4 _927166
_alegislación del trabajo
650 4 _929866
_aderecho comunitario
650 4 _928624
_ajurisprudencia
650 4 _929490
_aTribunal de Justicia CE
653 1 0 _aRelaciones laborales-Empleo
773 0 _986129
_dMadrid Lefebvre El Derecho 2015-
_o089027
_tDerecho de las relaciones laborales
_w(ES-MaCES)46200
_gn. 4 (abr. 2017) {55/1131 R. 089027} ;p. 326-344
902 _aART Artículo de revista
942 _2CES
_cAR
_h2.0.